| 000 | 01024nam0a2200301 4500 | ||
|---|---|---|---|
| 001 | RU\NLR\bibl\1274999 | ||
| 005 | 20250615135418.0 | ||
| 010 | _a978-5-9775-0085-2 | ||
| 021 |
_aRU _b2008-46665 _92578 |
||
| 035 | _a(NLR Aleph) 001260827 | ||
| 090 |
_a378002 _c378003 |
||
| 100 | _a20080602d2008 |||y0rusy50 ca | ||
| 101 | 0 | _arus | |
| 102 | _aRU | ||
| 105 | _aa ||||||||| | ||
| 200 | 1 |
_aРеестр Windows Vista _fОльга Кокорева |
|
| 210 |
_aСанкт-Петербург _cБХВ-Петербург _d2008 |
||
| 215 |
_a498 с. _cил. _d24 _e1 электрон. опт. диск (CD-ROM) |
||
| 225 | 1 | _aМастер | |
| 320 | _aПредм. указ.: с. 484-498 | ||
| 606 | 1 |
_aMICROSOFT WINDOWS VISTA, операционная система _xРеестр _92505156 _3RU\NLR\auth\661485530 |
|
| 686 | _aЗ973.23-018.2 | ||
| 700 | 1 |
_aКокорева _bО. И. _gОльга И _4070 |
|
| 801 | 0 |
_aRU _bNLR _c20080602 _grcr |
|
| 801 | 1 |
_aRU _bNLR _c20080602 |
|
| 942 | _cBOOK | ||
| 980 | _aNB | ||